Vyprávění za měsíce a deště / Ueda Akinari ; [přeložila Libuše Boháčková ; ilustrovala Ludmila Jiřincová]
"Já však, spíš jen tak mimochodem, v pokojném rozpoložení mysli jsem načrtl několik povídaček, podivných a hrůzostrašných jako křik bažanta nebo zápas draků ... Napsal jsem to sedě pod oknem za jedné noci koncem jara v pátém roce éry Meiwa, když ustal déšť a luna nezřetelně zářila ..." Takto uvádí klasický japonský autor, vzdálený současník evropských preromantiků, soubor strašidelných příběhů, pro něž čerpal z tisícileté tradice tohoto žánru v literatuře Dalekého východu. Příběhy upoutají nejen svou bizarní tematikou, ale i úsměvnou lehkostí a smyslem pro poezii.
Record details
- Physical Description: 200 s., [4] s. obr. příl. : barev. il. ; 15 cm
- Edition: 1. vyd.
- Publisher: Praha : Odeon, 1971
Content descriptions
| General Note: | Přeloženo z japonštiny dle různých vydání 5000 výt. |
Available copies
- 1 of 1 copy available at Common Catalog SPOK.
Holds
- 0 current holds with 1 total copy.
Show Only Available Copies
| Location | Call Number / Copy Notes | Barcode | Shelving Location | Status | Due Date |
|---|---|---|---|---|---|
| KDS Library | 830 AkU | 204576801815 | Library | Available | - |
| LDR | 01772nam a2200325 a 4500 | ||
|---|---|---|---|
| 001 | 21439 | ||
| 003 | CZ-PrJAB | ||
| 005 | 20150714103254.0 | ||
| 007 | ta | ||
| 008 | 970508s1971 xr af 000 0 cze | ||
| 015 | . | ‡acnb000130083 | |
| 020 | . | ‡q(Váz.) : ‡cKčs 13,00 | |
| 035 | . | ‡a(CZ PrNK)bk197103368 | |
| 035 | . | ‡a(OCoLC)42165137 | |
| 040 | . | ‡aABA001 ‡bcze ‡cABA001 ‡dABA001 | |
| 041 | 1 | . | ‡acze ‡hjpn |
| 080 | . | ‡a895.6-32+92 Akinari, U. ‡2undef | |
| 100 | 1 | . | ‡aUeda, Akinari, ‡d1734-1809 ‡7xx0018341 ‡4aut |
| 245 | 1 | 0. | ‡aVyprávění za měsíce a deště / ‡cUeda Akinari ; [přeložila Libuše Boháčková ; ilustrovala Ludmila Jiřincová] |
| 250 | . | ‡a1. vyd. | |
| 260 | . | ‡aPraha : ‡bOdeon, ‡c1971 ‡e(Vimperk : ‡fStráž) | |
| 300 | . | ‡a200 s., [4] s. obr. příl. : ‡bbarev. il. ; ‡c15 cm | |
| 500 | . | ‡aPřeloženo z japonštiny dle různých vydání | |
| 500 | . | ‡a5000 výt. | |
| 520 | . | ‡a"Já však, spíš jen tak mimochodem, v pokojném rozpoložení mysli jsem načrtl několik povídaček, podivných a hrůzostrašných jako křik bažanta nebo zápas draků ... Napsal jsem to sedě pod oknem za jedné noci koncem jara v pátém roce éry Meiwa, když ustal déšť a luna nezřetelně zářila ..." Takto uvádí klasický japonský autor, vzdálený současník evropských preromantiků, soubor strašidelných příběhů, pro něž čerpal z tisícileté tradice tohoto žánru v literatuře Dalekého východu. Příběhy upoutají nejen svou bizarní tematikou, ale i úsměvnou lehkostí a smyslem pro poezii. | |
| 700 | 1 | . | ‡aBoháčková, Libuše, ‡d1927-1994 ‡7jk01012486 ‡4trl |
| 700 | 1 | . | ‡aJiřincová, Ludmila, ‡d1912-1994 ‡7jk01051993 ‡4ill |
| 765 | 0 | . | ‡tUgecu monogatari ‡9Česky |
| 910 | . | ‡aABE463 | |
| 964 | . | ‡aAkinari, Ueda (1734-1809 spisovatel jap.) - život a dílo | |
| 998 | . | ‡a000130083 | |
| 901 | . | ‡a21439 ‡b ‡c21439 ‡tbiblio | |